000 00571nam a2200241Ia 4500
008 210210b2003 xxu||||| |||| 00| 0 eng d
020 _a0324071515
041 _aeng
082 _a658.3 MATH
100 _aMATHIS (Robert L)
245 _aHuman resource management Ed 10
250 _a
260 _aAustralia
_bThomson South Western
_c2003
300 _axxi-650
650 _aresource
650 _amanagement
650 _aHuman
650 _aEd
650 _a10
690 _aHuman Resource Management
700 _aJACKSON (John H)
906 _a066127
999 _c146590
_d146590